000 01043cam a2200373 a 4500
001 2532
003 BD-DhBUF
005 20250827151205.0
008 041203s2005 enka 001 0 eng
015 _aGBA502953
_2bnb
020 _a9780715319628 (hbk.)
020 _a0715319620 (hbk.) :
_c£25.00
020 _a9780715327555 (pbk.)
020 _a0715327550 (pbk.)
020 _a0715319698 (pbk.) :
_cNo price
035 _a(UkCU)4126940
035 _a(Uk)013080264
035 _a1088355
035 _a4306450
035 _a(StEdNL)4306450-nlsdb-Voyager
040 _aStDuBDS
_dUkCU
_dUk
_cUk
042 _aukscp
082 0 4 _a778.36
_222
100 1 _aDavid
245 1 0 _aLee Frost's panoramic photography.
_cDavid and Charles
246 3 0 _aPanoramic photography
260 _aNewton Abbot :
_bDavid & Charles,
_cc2005.
300 _a144 p. :
_bcol. ill. ;
_c23 x 29 cm.
500 _aFormerly CIP.
_5Uk
504 _aIncludes index.
650 0 _aPhotography, Panoramic.
_92445
700 _aCharles
942 _2ddc
_cBK
999 _c2532
_d2532